<The> Prediction of corporate bancruptcy in the construction industry

Zhodnotenie finančnej situácie podnikov pôsobiacich v odvetví stavebníctva na Slovensku prostredníctvom bankrotného modelu.

Na minha lista:
Detalhes bibliográficos
Autor principal: Rybárová, Daniela, 1967-
Outros Autores: Šagátová, Slavka, 1975-, Braunová, Mária
Formato: Capítulo de Livro
Idioma:eslovaco
Assuntos:
Tags: Adicionar Tag
Sem tags, seja o primeiro a adicionar uma tag!

MARC

LEADER 00000nla a2200000 4500
001 0226207
005 20240910092915.4
041 0 |a slo 
044 |a SK 
245 1 0 |a <The> Prediction of corporate bancruptcy in the construction industry  |c Daniela Rybárová, Slávka Šagátová, Mária Braunová 
520 |a Zhodnotenie finančnej situácie podnikov pôsobiacich v odvetví stavebníctva na Slovensku prostredníctvom bankrotného modelu. 
610 2 0 |a bankrot 
610 2 0 |a výkonnosť podniku 
610 2 0 |a prostredie podnikateľské 
610 2 0 |a situácia finančná podniku 
100 1 |a Rybárová, Daniela, 1967- 
700 1 |a Šagátová, Slavka, 1975- 
700 1 |a Braunová, Mária